000
00374nam a2200133Ia 4500
008
191206s9999 xx 000 0 und d
020
_a
9780195177787 (cloth
090
_a
PR4167J3
245
0
_a
Charlotte Brontë's Jane Eyre: a casebook
260
_a
Oxford University Press
260
_c
cc2006
300
_a
"viii, 212 p. ; 22 cm."
999
_c
15661
_d
15661